Una Scelta Di Vita Un'isola

Saved in:
Bibliografiske detaljer
Hovedforfatter: Giorgio Amendola
Format: Bog
Sprog:ukendt sprog
Udgivet: Club Degli Editori
Tags: Tilføj Tag
Ingen Tags, Vær først til at tagge denne postø!

MARC

LEADER 00000nam a2200000Ia 4500
001 R-1086
003 CODICE-MESSINA
005 20260212102502.0
008 260211s9999 xx 000 0 und d
040 |c importazione_messina 
100 |a Giorgio Amendola 
245 0 |a Una Scelta Di Vita 
245 0 |b Un'isola 
260 |b Club Degli Editori 
942 |2 ddc  |c BK 
952 |0 0  |1 0  |2 ddc  |4 0  |6 SCAFFALE_10_000000000000000__ROMANZI  |7 0  |9 31916  |a ME  |b ME  |d 2026-02-11  |l 0  |o SCAFFALE 10 - ROMANZI  |p R-1086  |r 2026-02-11 23:52:51  |w 2026-02-11  |x [REVISIONARE]  |y BK 
999 |c 27581  |d 27581